Victoria Line Stations - Statistics

General Stats
  • This quiz has been taken 359 times
  • The average score is 12 of 16
Answer Stats
Station % Correct
Brixton
91%
Victoria
91%
King's Cross St Pancras
86%
Euston
83%
Green Park
83%
Vauxhall
83%
Oxford Circus
81%
Pimlico
81%
Stockwell
81%
Walthamstow Central
79%
Seven Sisters
74%
Tottenham Hale
72%
Warren Street
72%
Finsbury Park
70%
Blackhorse Road
65%
Highbury & Islington
55%
No matching quizzes found
Score Distribution
Percent of People with Each Score
Percentile by Number Answered
Your Score History
You have not taken this quiz